Sue Grafton Books - Statistics

General Stats
  • This quiz has been taken 15 times
  • The average score is 13 of 24
Answer Stats
Hint Answer % Correct
A is for Alibi
100%
B is for Burglar
83%
C is for Corpse
83%
E is for Evidence
75%
K is for Killer
75%
G is for Gumshoe
67%
N is for Noose
58%
Q is for Quarry
58%
D is for Deadbeat
50%
F is for Fugitive
50%
H is for Homicide
50%
O is for Outlaw
50%
R is for Ricochet
50%
I is for Innocent
42%
L is for Lawless
42%
M is for Malice
42%
S is for Silence
42%
U is for Undertow
42%
Y is for Yesterday
42%
J is for Judgment
33%
P is for Peril
33%
W is for Wasted
33%
T is for Trespass
25%
V is for Vengeance
25%
No matching quizzes found
Score Distribution
Percent of People with Each Score
Percentile by Number Answered
Your Score History
You have not taken this quiz